Dřevo v českých dějinách a kultuře
| Titel: | Dřevo v českých dějinách a kultuře |
|---|---|
| Verfasser: | |
| In: |
Soudobé dějiny, Band 15, Heft 2 (2008), Seite 415-418 alle Artikel anzeigen |
| Veröffentlicht: | 2008 |
| Format: | Aufsatz |
| Sprache: | Tschechisch |
X
alg: 39518822 001A $01999:12-11-16 001B $01999:09-08-21 $t17:42:33.000 001C $06050:19-11-16 $t09:38:22.000 001D $01999:12-11-16 001U $0utf8 001X $00 002@ $0Aox 003@ $0395188229 007A $0395188229 $aHEB 007T $0Herdp30332 010@ $acze 011@ $a2008 021A $aDřevo v českých dějinách a kultuře 028A $7130572802 $8Kárník, Zdeněk$Z1931-2011 [Tp1] $9134438671 031A $d15 $e2 $h415-418 $j2008 039B $aIn $8--Abvc--. Soudobé dějiny. - Praha : USD, 1993-. - ISSN 1210-7050 $x200800000150002585 $9048643750 039T $8--Aax--Šplíchal, Václav. Poselství dřeva. - Letohrad : Golempress, 2007. - 702 s., il. - ISBN 978-80-903883-0-7 $9395483840 045F $a900.94371 $eDDC23BSB 045F/01 $a900 045F/03 $g4371 045T $a7,41 045T $aOST $qDE-12 $2FID lok: 39518822 78 exp: 39518822 78 1 #EPN 201B/01 $026-11-17 $t04:10:04.000 201U/01 $0utf8 203@/01 $0791502864 208@/01 $a12-11-16 $be 209A/01 $a/ $f000 $x00 220C/01 $aHerkunft: Hú Av Čr Praha 244Z/01 $#Tschechien $#Tschechische Republik $#Tschechische Republik $#Tschechenland $#Tschechei Tschechien $#Česká Republika $#Czech Republic $#ČR $74303381-7 $8--Tg1--Tschechien $x01 $9086659812 244Z/01 $2Trx $#Böhmen $#Bohemia $#Czechy $8--Trx--Čechy $x02 $9391188941 244Z/01 $2Trx $#arvustused $#recenzijos $#Reviews $#recenziók $#recenzje $#recenzie $#recenze $8--Trx--Rezensionen $x03 $9391357441 247C/01 $82080>Marburg/Lahn, Herder-Institut, Forschungsbibliothek, Bibliographieportal $9336309341
| LEADER | 00000caa a22000002c 4500 | ||
|---|---|---|---|
| 001 | 395188229 | ||
| 003 | DE-603 | ||
| 005 | 20210809174233.0 | ||
| 007 | tu | ||
| 008 | 161112s2008 xx |||| | u00||u|cze c | ||
| 035 | |a (DE-599)HEB395188229 | ||
| 040 | |a DE-603 |b ger |c DE-603 |d DE-603 | ||
| 041 | |a cze | ||
| 082 | 0 | 4 | |8 1\u |a 900.94371 |q DE-101 |2 23/BSB |
| 084 | |a 7,41 |2 ssgn | ||
| 084 | |a OST |q DE-12 |2 fid | ||
| 085 | |8 1\u |b 900 | ||
| 085 | |8 1\u |z 2 |s 4371 | ||
| 100 | 1 | |a Kárník, Zdeněk |d 1931-2011 |0 (DE-603)134438671 |0 (DE-588)130572802 |2 gnd | |
| 245 | 0 | 0 | |a Dřevo v českých dějinách a kultuře |
| 264 | 0 | |c 2008 | |
| 773 | 0 | 8 | |i In |t Soudobé dějiny |d Praha : USD, 1993- |x 1210-7050 |g Band 15, Heft 2 (2008), Seite 415-418 |w (DE-603)048643750 |w (DE-600)1181942-X |
| 787 | 0 | 8 | |i Rezension von |a Šplíchal, Václav |t Poselství dřeva |d Letohrad : Golempress, 2007 |h 702 s., il |z 9788090388307 |w (DE-603)395483840 |
| 924 | 0 | |9 2080 |a (DE-603)791502864 |b DE-2080 |c HES |d d |g / | |


